AC Milan Champions League XIs - Statistics

General Stats
  • This quiz has been taken 2,935 times
  • The average score is 37 of 83
Answer Stats
Answer % Correct
Paolo Maldini
96%
Dida
92%
Alessandro Nesta
89%
Kaká
89%
Andrea Pirlo
88%
Zlatan Ibrahimović
85%
Gennaro Gattuso
84%
Andriy Shevchenko
83%
Filippo Inzaghi
83%
Clarence Seedorf
82%
Cafu
75%
Rafael Leão
75%
Franco Baresi
74%
Marco van Basten
69%
Ronaldinho
69%
Rui Costa
67%
Christian Abbiati
65%
Hernán Crespo
64%
Alexandre Pato
63%
Theo Hernández
62%
Alessandro Costacurta
59%
Robinho
59%
Fikayo Tomori
57%
Massimo Ambrosini
57%
Frank Rijkaard
54%
Jaap Stam
54%
Thiago Silva
53%
Ignazio Abate
52%
Sandro Tonali
52%
Sebastiano Rossi
51%
Davide Calabria
48%
Gianluca Zambrotta
48%
Kakha Kaladze
45%
Franck Kessié
44%
Ismaël Bennacer
44%
Mario Balotelli
44%
George Weah
43%
Kevin-Prince Boateng
43%
Philippe Mexès
43%
Brahim Díaz
40%
Marek Jankulovski
39%
Roberto Baggio
39%
Alberto Gilardino
38%
Marcel Desailly
38%
Alessio Romagnoli
37%
Massimo Oddo
37%
Riccardo Montolivo
37%
Demetrio Albertini
35%
Ciprian Tătăruşanu
34%
Stephan El Shaarawy
34%
Roberto Donadoni
33%
Dejan Savićević
32%
Mauro Tassotti
32%
Serginho
32%
Zvonimir Boban
32%
Alexis Saelemaekers
31%
Daniele Massaro
31%
Christian Panucci
30%
Mark van Bommel
30%
Nigel de Jong
27%
Oliver Bierhoff
27%
Cristian Zapata
26%
Edgar Davids
25%
Giampaolo Pazzini
25%
Sulley Muntari
25%
Antonio Nocerino
24%
Marco Borriello
24%
Urby Emanuelson
23%
Daniele Bonera
21%
Marco Simone
21%
Mathieu Flamini
19%
Andrea Poli
18%
Dario Šimić
18%
Kevin Constant
18%
Thomas Helveg
18%
Leonardo
16%
Francesco Coco
15%
Gianluigi Lentini
15%
Roque Júnior
15%
Guly
12%
Federico Giunti
11%
Roberto Ayala
10%
Bojan Krkić
9%
No matching quizzes found
Score Distribution
Percent of People with Each Score
Percentile by Number Answered
Your Score History
You have not taken this quiz